K podmínkam vývoje čs. ekonomiky v krátkém období.

Podstatou zmien v čs. ekonomike je prechod od centrálne plánovanej ekonomiky ku koordinácii hospodárskych aktivít trhom. Analýza vplyvov pôsobiacich na čs. ekonomiku z vonkajšieho prostredia a významnejších vnútorných podmienok týkajúcich sa vymeniteľnosti meny, miery inflácie a nezamestnanosti, dos...

ver descrição completa

Na minha lista:
Detalhes bibliográficos
Autor principal: Czesaný, Slavoj
Formato: Capítulo de Livro
Idioma:tcheco
Assuntos:
Tags: Adicionar Tag
Sem tags, seja o primeiro a adicionar uma tag!

MARC

LEADER 00000naa a2200000 4500
001 r004544
005 20221125080927.1
041 0 |a cze 
044 |a [CS] 
245 1 0 |a K podmínkam vývoje čs. ekonomiky v krátkém období.  |c Slavoj Czesaný 
520 |a Podstatou zmien v čs. ekonomike je prechod od centrálne plánovanej ekonomiky ku koordinácii hospodárskych aktivít trhom. Analýza vplyvov pôsobiacich na čs. ekonomiku z vonkajšieho prostredia a významnejších vnútorných podmienok týkajúcich sa vymeniteľnosti meny, miery inflácie a nezamestnanosti, dostupnosti vnútorného i vonkajšieho kapitálu. Úvaha o ďalších potrebných krokoch hospodárskej politiky. 
610 2 0 |a rozvoj hospodársky 
610 2 0 |a konvertibilita 
610 2 0 |a inflácia 
610 2 0 |a nezamestnanosť 
610 2 0 |a politika hospodárska 
610 2 0 |a kapitál zahraničný 
610 2 0 |a ČSFR 
100 1 |a Czesaný, Slavoj